000 00509nam a2200181Ia 4500
008 100921s9999 xx 000 0 und d
082 _b14717
_a891.462 ढ 94
100 _aगोगटे शिवराम विनायक.
245 _aवीरसेन.
260 _b---
_c1894
300 _a144
_b---
365 _b0
520 _aललित-नाटके.
630 _aवीरसेन.
650 _aललित-नाटके.
730 _aवीरसेन.
942 _cBOOK
999 _c763830
_d763827